Allgemeine Betriebswirtschaftslehre : Programmierte Prüfungsaufgabe für kaufmännische Berufe. 1.211 Testaufgaben mit Lösung /

Guardado en:
Detalles Bibliográficos
Autor principal: Hau, Werner (Autor)
Formato: Libro
Lenguaje:alemán
Publicado: Ludwigshafen : Kiehl, 1994
Edición:12.völlig neue Aufl.
Materias:
Etiquetas: Agregar Etiqueta
Sin Etiquetas, Sea el primero en etiquetar este registro!

MARC

LEADER 00000nam a22000003a 4500
001 stu44365
005 20150617225718.0
008 950320s1994----gw------------------ger-d
020 |a 3-470-79203-8 
040 |a STU  |b slo 
041 0 |a ger 
044 |a gw 
080 |a 658 
080 |a 658.8.011.1 
100 1 |a Hau, Werner  |4 aut 
245 1 |a Allgemeine Betriebswirtschaftslehre :  |b Programmierte Prüfungsaufgabe für kaufmännische Berufe. 1.211 Testaufgaben mit Lösung /  |c [aut.]Werner Hau 
250 |a 12.völlig neue Aufl. 
260 |a Ludwigshafen :  |b Kiehl,  |c 1994 
300 |a 160 s 
650 7 |a hospodárstvo podnikové  |2 stusub 
650 7 |a predaj  |2 stusub 
996 |b 284M025701  |c M*8973-1  |l MMKN  |s A  |a 24  |w stu44365_0001